Missing Word: Films About Revenge Quiz Stats

 Plays Quiz Updated Jul 12, 2016

Challenge
Share
Tweet
Embed
Score 0/24 Timer 06:00
0 Plays Today
Title Missing Word % Correct
Kill ____ Volume 1Bill
98.5%
____ GritTrue
97.2%
The Girl with the ____ TattooDragon
97.2%
Inglourious ____Basterds
95.9%
____ Abiding CitizenLaw
94.7%
V for ____Vendetta
92.4%
____ of New YorkGangs
90.5%
____ FearCape
90.2%
____ UnchainedDjango
88.9%
Star Trek: The Wrath of ____Khan
85.4%
I ____ on Your GraveSpit
84.5%
The ____ BridePrincess
81%
Title Missing Word % Correct
The Last ____ on the LeftHouse
76%
High ____ DrifterPlains
75.9%
Man on ____Fire
75.5%
Lucky ____ SlevinNumber
73.1%
Once Upon a Time in the ____West
68.5%
____ Man's ShoesDead
65.2%
____: The ProfessionalLéon
63.1%
Death ____Wish
59%
____ WickJohn
52%
____ CandyHard
44.6%
I Saw the ____Devil
21.8%
_____ VengeanceLady
13.6%

Today's Daily Dose

You're not logged in!

Compare scores with friends on all Sporcle quizzes.
OR
Log In

You Might Also Like...

Show Comments

Extras

Top Quizzes Today


Score Distribution

Your Account Isn't Verified!

In order to create a playlist on Sporcle, you need to verify the email address you used during registration. Go to your Sporcle Settings to finish the process.

Report this User

Report this user for behavior that violates our Community Guidelines.

Details: